000
00287nam a2200133Ia 4500
008
231017s9999 xx 000 0 und d
082
_a
625.7
082
_b
MAN
245
0
_a
Maintenance manual Volume-I
245
0
_c
Caltrans
260
_b
Caltrans
300
_c
30cm
942
_c
REP
999
_c
606014
_d
606014